|
|
|
|
| LEADER |
01166nam a2200349 a 4500 |
| 001 |
000010208 |
| 003 |
CZ BrMZK |
| 005 |
20250930132626.0 |
| 007 |
ta |
| 008 |
940120s1994 xr g j cze d |
| 015 |
|
|
|a cnb000083076
|
| 020 |
|
|
|a 80-237-0881-3
|c 11.90
|
| 040 |
|
|
|a BOA001
|b cze
|
| 072 |
|
7 |
|a 821-31/-34
|x Milostná, dobrodružná, fantastická próza
|2 Konspekt
|9 25
|
| 080 |
|
|
|a 821-322.4
|2 MRF
|
| 080 |
|
|
|a (0:82-322.4)
|2 MRF
|
| 100 |
1 |
|
|a Grant, Susan
|7 jx20080725009
|
| 245 |
1 |
0 |
|a Romance v černém /
|c Susan Grantová ; Z něm. orig. přel. Jiří Pilz
|
| 250 |
|
|
|a 1. vyd.
|
| 260 |
|
|
|a Praha :
|b I. Železný,
|c 1994
|
| 300 |
|
|
|a 62 s.
|
| 490 |
1 |
|
|a Žena v ohrožení ;
|v 82 (2/94)
|
| 490 |
1 |
|
|a Knihovnička Večerů pod lampou ;
|v 891
|
| 655 |
|
7 |
|a horory (příběhy)
|7 fd184201
|2 czenas
|
| 655 |
|
9 |
|a horror stories
|2 eczenas
|
| 700 |
1 |
|
|a Pilz, Jiří
|7 jx20050421009
|
| 765 |
0 |
|
|t Romanze in Schwarz
|
| 830 |
|
0 |
|a Žena v ohrožení
|
| 830 |
|
0 |
|a Knihovnička Večerů pod lampou
|
| 910 |
|
|
|a BOA001
|b 1-0995.717
|
| 990 |
|
|
|a BK
|
| 996 |
6 |
|
|b 2610004786
|c 1-0995.717
|l MZK
|r Sklad / do 1 hodiny
|n 0
|p p.v.
|w 000010208
|u 000010
|a 1
|e BOA001
|j MZK50
|s P
|